Flagi powiatów w Świętokrzyskiem - Statystyki

Ogólne statystyki
  • Ten quiz został rozwiązany 28 razy
  • Średni wynik to 9 z 14
Statystyki odpowiedzi
Obrazkowy Odpowiedź % Poprawnych
Kielce
100%
Konecki
68%
Sandomierski
68%
Jędrzejowski
64%
Kielecki
64%
Skarżyski
64%
Włoszczowski
60%
Kazimierski
56%
Opatowski
56%
Ostrowiecki
56%
Pińczowski
56%
Starachowicki
56%
Buski
52%
Staszowski
52%
Nie znaleziono quizów pasujących do podanych kryteriów
Rozkład punktacji
Procent ludzi z każdym wynikiem
Percentyl według liczby udzielonych odpowiedzi
Twoja historia wyników
Nie rozwiązałeś tego quizu